[Event "Villa Guardia D Oro Cup 32nd"]
[Site "Villa Guardia"]
[Date "2014.11.01"]
[Round "4"]
[White "Bernocchi, Luca"]
[Black "Aldeghi, Damiano"]
[Result "1/2-1/2"]
[WhiteElo "1371"]
[BlackElo "1477"]
[PlyCount "71"]
[EventDate "2014.10.26"]
[EventType "swiss"]
[EventRounds "6"]
[EventCountry "ITA"]
[SourceTitle "EXT 2016"]
[Source "ChessBase"]
[SourceDate "2015.10.08"]
[SourceVersion "1"]
[SourceVersionDate "2015.10.08"]
[SourceQuality "1"]

1. e4 e5 2. Nf3 Nc6 3. Bb5 d6 4. d3 Bd7 5. c3 a6 6. Ba4 Nf6 7. Nbd2 Be7 8. Nf1 0-0 9. Ng3 Nb8 10. Bb3 Bg4 11. h3 Bxf3 12. Qxf3 Nbd7 13. 0-0 Nc5 14. Bc2 d5 15. Qe2 dxe4 16. dxe4 Qd6 17. Be3 Qc6 18. Bd2 Rfd8 19. Rad1 Rd7 20. f4 Bd6 21. f5 Na4 22. Bxa4 Qxa4 23. Bg5 Bc5+ 24. Kh1 Be7 25. b3 Qc6 26. Rd3 Rxd3 27. Qxd3 Rd8 28. Qf3 Qd6 29. Nh5 Qd3 30. Nxf6+ gxf6 31. Bh6 Qxf3 32. Rxf3 Kh8 33. Rf2 b5 34. a4 bxa4 35. bxa4 Rd3 36. Rf3 1/2-1/2

[Event "Villa Guardia D Oro Cup 31st"]
[Site "Villa Guardia"]
[Date "2013.11.03"]
[Round "5"]
[White "Bernocchi, Luca"]
[Black "Cairoli, Fabio"]
[Result "0-1"]
[WhiteElo "1405"]
[BlackElo "1383"]
[PlyCount "58"]
[EventDate "2013.11.01"]
[EventType "swiss"]
[EventRounds "6"]
[EventCountry "ITA"]
[SourceTitle "EXT 2015"]
[Source "ChessBase"]
[SourceDate "2014.11.20"]
[SourceVersion "1"]
[SourceVersionDate "2014.11.20"]
[SourceQuality "1"]

1. e4 e5 2. Nf3 Nc6 3. Bb5 a6 4. Ba4 Nf6 5. d3 b5 6. Bb3 Bc5 7. c3 Bb6 8. h3 0-0 9. Nbd2 d5 10. 0-0 Bb7 11. Re1 Re8 12. Nf1 dxe4 13. dxe4 Qxd1 14. Bxd1 Na5 15. Ng3 Nc4 16. Bc2 Rad8 17. Bg5 Nxb2 18. Nh5 Nxh5 19. Bxd8 Rxd8 20. Nxe5 Rd2 21. Bb3 Bxf2+ 22. Kf1 Bxe1 23. Rxe1 Nc4 24. Bxc4 bxc4 25. Nxc4 Rxa2 26. Rd1 g6 27. Rd8+ Kg7 28. Nd2 Ng3+ 29. Ke1 Nxe4 0-1

[Event "Villa Guardia D Oro Cup 31st"]
[Site "Villa Guardia"]
[Date "2013.11.01"]
[Round "1"]
[White "Ghelfi, Giancarlo"]
[Black "Bernocchi, Luca"]
[Result "1-0"]
[WhiteElo "1618"]
[BlackElo "1405"]
[PlyCount "74"]
[EventDate "2013.11.01"]
[EventType "swiss"]
[EventRounds "6"]
[EventCountry "ITA"]
[SourceTitle "EXT 2015"]
[Source "ChessBase"]
[SourceDate "2014.11.20"]
[SourceVersion "1"]
[SourceVersionDate "2014.11.20"]
[SourceQuality "1"]

1. e4 e5 2. Nf3 Nc6 3. Bb5 a6 4. Ba4 Nge7 5. c3 d6 6. h3 Bd7 7. 0-0 Ng6 8. d4 Be7 9. Re1 0-0 10. Be3 Qe8 11. d5 Nd4 12. Bxd7 Nxf3+ 13. Qxf3 Qxd7 14. Nd2 f5 15. exf5 Rxf5 16. Qg4 Raf8 17. Nf3 Qd8 18. Rad1 Nh4 19. Nxh4 Bxh4 20. Rf1 Bg5 21. Qe2 Bxe3 22. fxe3 Rxf1+ 23. Rxf1 Rxf1+ 24. Qxf1 Qf8 25. Qc4 Qf7 26. Qb3 b5 27. c4 bxc4 28. Qb8+ Qf8 29. Qxc7 h6 30. Qxc4 Qa8 31. Qc6 Qd8 32. Qxa6 Kf7 33. b4 Ke7 34. Qa7+ Ke8 35. Qxg7 h5 36. Qg8+ Ke7 37. Qxd8+ Kxd8 1-0

[Event "Villa Guardia D Oro Cup 30th"]
[Site "Villa Guardia"]
[Date "2012.11.04"]
[Round "6"]
[White "Bernocchi, Luca"]
[Black "Ronconi, Fausto"]
[Result "0-1"]
[WhiteElo "1437"]
[BlackElo "1709"]
[PlyCount "60"]
[EventDate "2012.11.01"]
[EventType "swiss"]
[EventRounds "6"]
[EventCountry "ITA"]
[SourceTitle "EXT 2014"]
[Source "ChessBase"]
[SourceDate "2013.11.20"]
[SourceVersion "1"]
[SourceVersionDate "2013.11.20"]
[SourceQuality "1"]

1. e4 e6 2. Qe2 c5 3. f4 Be7 4. d3 Nc6 5. Nf3 b6 6. Be3 Nf6 7. Nc3 Ba6 8. g3 d5 9. e5 d4 10. exf6 Bxf6 11. Bxd4 cxd4 12. Ne4 Be7 13. Bg2 Rc8 14. a3 b5 15. 0-0 b4 16. axb4 Nxb4 17. c4 dxc3 18. Nxc3 Bxd3 19. Qe1 Bxf1 20. Bxf1 Bc5+ 21. Kh1 Nc2 22. Qc1 Nxa1 23. Qxa1 0-0 24. Qb1 Bd4 25. Ng5 g6 26. Nge4 Bxc3 27. Nxc3 Qd2 28. Ne4 Qe3 29. Bg2 Rc1+ 30. Qxc1 Qxc1+ 0-1